000 00502nam a2200169Ia 4500
999 _c7879
_d7879
003 OSt
005 20200129102432.0
008 190216s9999||||xx |||||||||||||| ||und||
020 _a9789381335246
040 _coclc
082 _a650
_bKUM/C
100 _aKumar, Anil
_91509
245 0 _aCorporate Governance Theory And Practice /
_cAnil Kumar
260 _bInternational Book House Pvt Ltd.,
_c2012.
_aNew Delhi:
300 _a340p
942 _cBK
_2ddc
_h650
_iKUM/C
_k650
_mKUM/C